02599nam a2200385 a 450000100100000000500170001000800410002702000180006804000250008608200250011110000320013624501390016826000460030730000210035350001210037450000350049550000750053050400820060550504670068759000260115465000620118065100870124265100800132965100830140965100810149265100890157370000270166270000330168970000460172291000380176895201380180695201230194495201290206799900170219600003915720240302073950.0130528s2013 dr r 001 0 spa d z9789945877557 aDO-SdBNPbspacBNPHU a338.980bC548n, 20131 aChomsky, Noam,d1928-9511110aNoam Chomsky en República Dominicana /cNoam Chomsky, José Santana ; Introducción Roberto Cassá ; traducción Miriam Véliz. aSanto Domingo :bEDIT.as,c2013.fBúho, a185 p. ;c27 cm. aTraducción al español para la República Dominicana de las conferencias dictadas por Chomsky en marzo del 2006. aIncluye índice onomástico. aIncluye datos biográficos del autores en las solapas de la cubierta. aIncluye bibliografía y notas al pie de páginas y al final de capítulos.0 gPresentación /rJosé Santana --gIntroducción /rRoberto Cassá --gNoam Chomsky en República Dominicana:tDemocracia y desarrollo en latinoamerica --tLatinoamerica y la política exterior estadounidense --gPanorámica latinoamericana:tArgentina --tBolivia --tBrasil --tChile --tEcuador --tGolpe de estado en Honduras --tVenezuela --gApéndice:tExploraciones biolingüísticas: diseño, desarrollo y evolución --gIndice onomástico. aInventariado, 2018/BT 4aDesarrollo económicovENSAYOS, CONFERENCIAS, ETC.99472 4aRepública DominicanaxPolítica EconómicavENSAYOS, CONFERENCIAS, ETC.963279 4aAmérica LatinaxPolítica Y GobiernovENSAYOS, CONFERENCIAS, ETC.963280 4aAmérica LatinaxCondiciones EconómicasvENSAYOS, CONFERENCIAS, ETC.963281 4aAmérica LatinaxPolítica EconómicavENSAYOS, CONFERENCIAS, ETC.963282 4aRepública DominicanaxCondiciones EconómicasvENSAYOS, CONFERENCIAS, ETC.96328312aSantana, José96328412aVéliz, Miriam,etr.96535812aCassá, Roberto, d1948-eintrod.910888 aValidado. Control de calidad. EMS 001054708DSaGRbGRcHDd2013-05-28iLF1l0o338.980 C548n, 2013p39157-30r2020-06-25te. 3w2020-06-25yLFDSZPréstamo en sala 0010718PDaPDbPDcHDd2013-05-28iLF1l0o338.980 C548n, 2013p39157-10r2020-06-25w2020-06-25yLFPDZNo se presta 0010718PDaPDbPDcHDd2013-05-28iLF1l0o338.980 C548n, 2013p39157-20r2020-06-25te. 2w2020-06-25yLFPDZNo se presta c38647d38647